03823cam a2200445 i 4500001001200000003000500012005001700017007002300034008004100057020003000098024003000128035001800158035001800176035001700194040002900211041001300240082001500253100002500268245020500293300012600498490001800624500004600642500005700688520109800745520106901843521001102912650004702923650003902970650004503009650003303054650003603087655004403123655004303167655001903210655004603229700002703275700002803302700001903330830002803349sqtd4608431SQTD20260410020004.0ta 260408s2022 fr |||| 6 000|1 fre  a9791032724507q(broché)3 a9791032724507q(jaquette) a(BTLF)8554489 a(SQTD)4608431 a(SDM)C225807 aSDMbfreerdadSQTDcCDM1 afrehjpn aBD CAR2230 aNekokurageeartiste.14aLes carnets de l'apothicaire.n16 /cd'après l'oeuvre originale de Natsu Hyuuga ; dessin, Nekokurage ; scénario, Itsuki Nanao ; design des personnages, Touco Shino ; traduction, Géraldine Oudin. a160 pages :bprincipalement des illustrations (certaines en couleur) ;c18 cm +e1 livret découverte (27 pages ; 18 cm)1 aKi-oon seinen aD'après le light novel de Natsu Hyuuga. aLivret: Les carnets de l'apothicaire / Natsu Hyuuga.8 aMao Mao est une apprentie apothicaire plutôt douée du quartier des plaisirs entourant la cité impériale lorsqu'elle est enlevée dans la forêt. Ignorant si on l'a vendue ou échangée contre une autre jeune fille, la voilà lingère à la cour intérieure, qui est uniquement peuplée de concubines dont la seule mission est de donner des héritiers à l'empereur. Si certaines servantes parviennent à s'élever au rang de ces dernières, Mao sait qu'avec sa maigreur et ses taches de rousseur, elle peut s'éviter un tel sort. Elle tâche de plus de passer inaperçue, ce qui nécessite de cacher ses talents pour les plantes médicinales et sa capacité à lire, alors que les employées issues de milieux modestes sont normalement analphabètes. Cependant, lorsque des nouveau-nés meurent de façon mystérieuse, l'adolescente met en garde certaines jeunes mamans, ce qui attire l'attention du haut fonctionnaire Jinshi sur elle. Estimant qu'elle peut protéger les concubines, celui-ci la promeut au rôle de goûteuse de la cour intérieure. [SDM]1 aAdaptée d'un roman, cette série en manga se déroule exclusivement en lieu clos, ce qui brouille les repères temporels et les attaches avec la réalité, mais qui déploie également un univers intéressant, particulièrement puisqu'un tueur s'infiltre entre ces murs. Mao doit ainsi à la fois mettre ses talents médicaux à profit pour empêcher ce dernier d'agir, tout en épaulant Jinshi, un eunuque extatique, qui semble néanmoins avoir des secrets bien à lui. Si le contexte de harem attribue un rôle peu reluisant aux femmes, qui sont souvent exposées dénudées pour mettre leurs courbes en valeur, l'héroïne est quant à elle intelligente, passionnée et déterminée, même si on la dépeint aussi comme une adolescente ingénue. Les dessins retouchés à l'ordinateur occupent de leur côté des cases plutôt grandes pour garantir une lecture confortable. Un livret contenant un extrait d'une vingtaine de pages de la version romancée, publié chez Lumen, est attaché à la présente édition. [SDM] aJ++ 4. 6aEmployées de maisonvBandes dessinées. 6aPharmaciennesvBandes dessinées. 6aCours et courtisansvBandes dessinées. 6aMeurtrevBandes dessinées. 6aEnquêtesvBandes dessinées. 7aBandes dessinées à suspense.2rvmgf 7aBandes dessinées historiques.2rvmgf 7aMangas.2rvmgf 7aAdaptations en bandes dessinées.2rvmgf1 aNanao, Itsukieauteur.1 aShino, Tōkoeartiste.1 aHyūga, Natsu 0aSeinen (Ki-oon (Firme))